000 00353 a2200109 4500
001 ART_43847
005 20260410162026.0
008 260409a
245 1 0 _aThe family gap for young women in the United States ND bRITAIN
100 1 _aWaldfogel, Jane
773 0 _tJournal of labor economics
_g- Vol. 16, NÂș 3 (jul. 1998)
_wREV43438
999 _c33538
_d33538